000 00499nam a2200133Ia 4500
008 231129s1995||||xx |||||||||||||| ||spa||
020 _a958-02-0973-1
040 _bspa
082 _a641.86 P858p
245 0 _aPostres escogidos: Con 47 recetas fotografiadas exclusivamente para esta obra por Hans Joschim Dobbelin; traducción Paula Parra Bueno; ilustraciones Sirius Bildarchiv
260 _c1995
264 _aBogotá Colombia : Voluntad
942 _2ddc
_cBKS
999 _c23100
_d23100